LEADER 02832nam a2200361 a 4500 001 000000117153 003 CaOOAMICUS 005 20090929150049.0 008 090929s1540 gw u001 u lat r 026 $ae.se iaue$bm.n- nuAn (3)$c1540 (R) 040 $aPUL$bita$dReb 100 0 $aPlatina,$d1421-1481.$0(OLS)http://pul/name/19129 245 10$aBap. Platinae Cremonensis, de vitis ac gestis summorum ... liber unus. Huic additae vitae ac res gestae corum qui interim fuere pontificum, a Paulo videlicet II, ad Paulum nominis III. Eiusdem item Platinae, de falso et vero bono dialogi tres. Contra amores I. De vera nobilitate I. De optimo cive II. Panegyricus in Bessarionem ... Oratio ad Paulum II ... de bello Turcis inferendo ... 246 30$aDe vitis ac gestis summorum pontificum 260 $aColonien :$bEucharius Cervicornus Agrippinas excudebat, Impensis M. Gotfridi Hittorpij civis,$c1540. 300 $a[12], 314, [2], 92, [12] p. ;$c2° (31 cm) 500 $aSegnatura: a*6 a-z6 aa-bb6 cc8 A-F6 G4 H-I6. 500 $aInclude indici. 500 $aIniziali xil. illustrate 500 $aMarca tip. sul front. con motto: Sicut Lilium inter spinas (H87). 500 $aIl De falso et vero bono dialogus presenta numerazione propria. 500 $aContiene index rerum ac vocum in Platinam. 662 $aGermania$dColonia.$0(OLS)http://pul/subject/35038 710 0 $aHittorp, Gottfried$4pbl.$0(OLS)http://pul/name/71260 710 0 $aCervicornus, Eucharius$4pbl.$0(OLS)http://pul/name/71338 850 $aPUL 852 $aPUL$W1$xDP1 Antico 500$y12$m110 G 16$j134382$qStampati Antico$B133361$CPULBib$Z2$F133361 $82 856 0$uhttp://aquabrowser.pul.it/cinquecentine/110G16-1.jpg 941 1 $a15 961 $aPrecedenti collocazioni: MM XIII 14; n E 13.Stemma di Gregorio XIII sul dorso.Stemma dell'ordine dei Gesuiti (JHS) sul dorso.In testa al front.: Congregationis assumpta B. Virginis ... Collegio ...Precedente appartenenza: Collegio Germanico.Sottolineature all'interno del testo.Annotazioni all'interno del testo.Al termine del De vitis presenza di nota mss: Paulus autem diem Bergit Betumum anno Domini 1549 mense ... 996 $6245$aBap. Platinae Cremonensis, de vitis ac gestis summorum ... liber unus. Huic additae vitae ac res gestae corum qui interim fuere pontificum, a Paulo videlicet II, ad Paulum nominis III. Eiusdem item Platinae, de falso et vero bono dialogi tres. Contra amores I. De vera nobilitate I. De optimo cive II. Panegyricus in Bessarionem ... Oratio ad Paulum II ... de bello Turcis inferendo ...$9(OLS)http://pul/title/147401 996 $6246$aDe vitis ac gestis summorum pontificum$9(OLS)http://pul/title/147402 996 $6260$aColonien :$bEucharius Cervicornus Agrippinas excudebat, Impensis M. Gotfridi Hittorpij civis$9(OLS)http://pul/publisher/80693 LEADER 01750nam a2200397 a 4500 001 000000158062 003 CaOOAMICUS 005 20170123124035.0 008 170123s2016 it u000 u ita r 020 $a978-88-6879-222-0* 032 $aLibriCat 040 $aPUL$bita 082 04$a253 100 0 $aFranciscus PP.,$d1936-2025.$0(OLS)http://pul/name/86295 245 10$aFamiglia in cammino /$cpapa Francesco ; Le catechesi sulla famiglia di Papa Francesco commentate da Juan José Perez-Soba. 260 $aSiena :$bCantagalli,$c©2016. 300 $a318 p. ;$c21 cm. 490 1 $aFamiglia, lavori in corso ;$v08 610 24$aPapi (2013-2025 : Franciscus)$tAmoris laetitia.$0(OLS)http://pul/subject/43315 650 4$aFamiglia$xTeologia pastorale.$0(OLS)http://pul/subject/44167 650 4$aFamiglia$xConcezione cristiana.$0(OLS)http://pul/subject/38788 700 1 $aPérez-Soba Diez Del Corral, Juan,$csac.,$d1964-$0(OLS)http://pul/name/41481 830 0$aFamiglia, lavori in corso ;$v08.$0(OLS)http://pul/title/197664 850 $aPUL 852 $aPUL$W1$xSL Religione 3$y85$m253 FRANC 1$j181390$qDDC 21$B184531$CPULBib$Z2$F184531 $H128702 $81 900 $aBergoglio, Jorge Mario$986295 900 $aFrancesco, papa,$d1936-$986295 910 $aPapi (2013-2025 : Franciscus)$986295 910 $aPapi (2013-2025 : Franciscus)$986295 941 1 $a9 960 $aPastorale familiare$944167 996 $6020$a978-88-6879-222-0*$9(OLS)http://pul/number/161833 996 $6082$a253$9(OLS)http://pul/classification/487 996 $6245$aFamiglia in cammino$9(OLS)http://pul/title/197663 996 $6260$aSiena :$bCantagalli$9(OLS)http://pul/publisher/48759